| 000 | 00657nam a2200265Ia 4500 | ||
|---|---|---|---|
| 008 | 160803s9999 xx 000 0 und d | ||
| 020 | _a9780439436595 | ||
| 100 | _aNix, Garth | ||
| 245 | _aSuperior Saturday / | ||
| 245 | _cGarth Nix. | ||
| 260 | _aNew York : | ||
| 260 | _bScholastic Inc. | ||
| 260 | _c2008 | ||
| 300 | _a278 pages ; | ||
| 300 | _c20 cm. | ||
| 440 | _aThe Keys to the kingdom ; | ||
| 440 | _vbk. 6. | ||
| 500 | _aOriginally published: New York : Scholastic Press, 2008. | ||
| 650 | _aFantasy. | ||
| 650 | _aMagic -- | ||
| 650 | _aSpace and time -- | ||
| 650 | _xFiction. | ||
| 650 | _xFiction. | ||
| 700 | _a930 | ||
| 999 |
_c298740 _d298740 |
||